000 00738nam a2200217Ia 4500
001 13937
003 GE_BSU
008 181216s||||||||xx |||||||||||||| ||und||
040 _cGE_BSU
080 _a69.003(075.8)
100 _aПетров,И.А.
245 _aТехническое нормирование и сметное дело в строительстве.
245 _bУчебник.
245 _cНауч. ред. Б.К.Смирнов.
260 _aМ.
260 _bСтройиздат.
260 _c1964.
300 _a523 стр. 22 см. Библиогр.: стр.:518-519.
653 _aТехническое нормирование и сметное дело в строительстве.
942 _cBK
999 _c47080
_d47080